| 000 | 00567nam a22001217a 4500 | ||
|---|---|---|---|
| 040 | _cHS | ||
| 082 | _a581 | ||
| 100 | _aក្រសួងកសិកម្ម រុក្ខាប្រមាញ់ និងនេសាទ | ||
| 245 | _aគោលការណ៍ណែនាំសម្រាប់គ្រប់គ្រងព្រៃឈើប្រកបដោយនិរន្តរភាព | ||
| 260 |
_aPhnom Penh _bក្រសួងកសិកម្ម រុក្ខាប្រមាញ់ និងនេសាទ _cNA |
||
| 300 | _a122p; | ||
| 942 | _cKB | ||
| 999 |
_c9272 _d9272 |
||